000 06491nac a22013691u 4500
010 _a 88658021
022 0 _a0896-0011
035 _a(OCoLC)ocm16885265
082 0 0 _a809.00505
_bCLA
090 _c9907
_d9907
100 _a20080729
245 0 0 _aClassical and medieval literature criticism.
246 1 3 _aCMLC
260 _aDetroit, Mich. :
_bGale Research Co.,c1988-
_cc1988-
300 _av. :
_bill. ;
_c28 cm.
500 _a"Excerpts from criticism of the works of world authors from classical antiquity through the fourteenth century, from first appraisals to current evaluations."
500 _aDonations.
500 _aDonations - AUC.
511 _aCatalogued By: Mahitab.
511 _aCatalogued by: Sara.
650 0 _aClassical literature
_xHistory and criticism.
650 0 _aLiterature, Medieval
_xHistory and criticism.
710 2 _aGale Research Company.
942 _cNB
_k809.00505CLA
999 _c9907
_d9907